Olivia Rodrigo - Chansons de l'album Guts - Statistiques

Statistiques générales
  • Ce quiz a été pris 699 fois
    318 depuis la dernière actualisation
  • Le résultat moyen est 13 sur 17
Statistiques - réponses
Hint Réponse % Correct
GUTS 3 vampire
90%
GUTS (spilled) 13 obsessed
83%
GUTS 4 lacy
82%
GUTS 2 bad idea right?
81%
GUTS 1 all-american bitch
79%
GUTS 6 making the bed
79%
GUTS (spilled) 17 so american
79%
GUTS 11 pretty isn't pretty
78%
GUTS 10 the grudge
76%
GUTS (spilled) 16 scared of my guitar
75%
GUTS 8 get him back!
74%
GUTS 7 logical
74%
GUTS 12 teenage dream
73%
GUTS 5 ballad of a homeschooled girl
69%
GUTS 9 love is embarrassing
68%
GUTS (spilled) 15 stranger
68%
GUTS (spilled) 14 girl i've always been
64%
Aucun quiz correspondant
Distribution des résultats
% des personnes avec chaque résultat
Percentile par nombre de réponses
Votre historique - résultats
Vous n’avez pas pris ce quiz depuis la dernière actualisation